00476nam a22001572 4500001001100000005001700011008004100028020002600069040001500095100003300110245006900143260003400212300001100246700003100257700003000288000000891920151217160119.0080617s xx 000 0 eng d a0521578566 :cKES 205 aKABUcKABU1 aMahlangu, Lindi.@000015970710aScary footsteps /cLindi Mahlangu, Lungi Maseko and Joan Rankin. aCambridge :bC. U. P.,c1996. a16 p.1 aMaseko, Lungi.@00001597081 aRankin, Joan.@0000132281